Größte Stadt beginnend mit J in Diesem Land - Statistiken

Allgemein
  • Dieses Quiz wurde 251 mal gespielt
  • Das Durchschnittsergebnis liegt bei 6 aus 15
Antwortstatistiken
Land J-Stadt % Korrekt
Israel Jerusalem
93%
Indonesien Jakarta
90%
Südafrika Johannesburg
84%
Russland Jekaterinburg
58%
Südsudan Juba
56%
Vereinigte Staaten Jacksonville
46%
Spanien Jerez de la Frontera
46%
Indien Jaipur
30%
Afghanistan Jalalabad
20%
Mexiko Juarez
19%
China Jinan
8%
Nigeria Jos
7%
Sri Lanka Jaffna
6%
Brasilien João Pessoa
6%
Lettland Jelgava
5%
Keine übereinstimmenden Quizze gefunden
Verteilung der Resultate
Anzahl Personen mit jedem Resultat
Perzentil nach korrekt beantworteten Fragen
Ihre Resultats-Entwicklung
Sie haben dieses Quiz noch nicht gespielt